| 000 | 00451nam a2200169Ia 4500 | ||
|---|---|---|---|
| 003 | GCL | ||
| 008 | 140319s9999 xx 000 0 eng d | ||
| 040 |
_aGCL / _cGCL |
||
| 082 | 0 | 4 |
_a621.381 _bT E |
| 100 | 1 | _aTEWARI, K. K. | |
| 245 | 1 | 0 |
_aELECTRICITY AND MAGNETISM WITH ELECTRONICS / _cTEWARI, K. K. |
| 260 |
_a[S.N] : _bS. CHAND & COMPANY LTD ، _c1995 |
||
| 300 | _a933 P P | ||
| 650 | 0 | 4 | _aELECTRONICS |
| 650 | 0 | 4 | _aELECTRICITY |
| 942 |
_2ddc _cBK |
||
| 999 |
_c11867 _d11867 |
||